000 00285nam a22001337a 4500
003 SGT
020 _a0-19-56-3748-8
082 _a581
_bDUT
100 _aDUTTA, A.C.
245 _aBOTANY FOR DEGREE STUDENTS
260 _aDELHI
_bOXFORD
_c2017
300 _a708
942 _2ddc
_cBK
_06
999 _c19444
_d19444